000
00197 a2200097 4500
001
32703
100
_a
Montgomery
245
_a
The memoirs
260
_a
London
_b
collins
_c
090
_c
21903
_d
21903
942
_a
NUST-CAE
_c
M
_c
13229
999
_c
267776
_d
267776